000 00835nam a22002897a 4500
005 20260311170220.0
008 260311b |||||||| |||| 00| 0 eng d
020 _a9789349015517
037 _cTB
040 _aLCT
_cLCT
041 _2eng
_aeng
_heng
084 _aV2:2;(Z) N1;R5
100 _aBakshi, P M
245 _aConstitution of India/
250 _a20th ed.
260 _aGurgaon, India:
_bLexisNexis (Universal),
_c2025
300 _acxciv, 678p.
365 _b650.00
_cINR
650 _aConstitution of India
_9784581
650 _aLaw
650 _aLaw
_9784582
650 _aBare Act
_9747446
650 _aSupreme Court Guidelines
_9747447
650 _aJudgements of Supreme court
_9747448
700 _aSingh, Mahendra Pal
_91116644
942 _2CC
_cTB
_hV2:2;(Z) N1;R5
_n0
999 _c1715146
_d1715146